1628 1167 1093 1858 1104 1303 1484 1257 1760 1738 1984 1782 1278 1659 1769 1541 1963 1270 1320 1629 1021 1912 1368 1496 1235 1395 1645 1913 1847 1425 1514 1012 1674 1532 1411 1418 1093 1938 1499 1589 1667 1953 1161 1236 1436 1624 1627 1426 1920 1294 1118 1763 1042 1673 1134 1275 1246 1113 1092 1415 1010 1478 1675 1939 1861 1927 1947 1191 1390 1530 1125 1325 1032 1779 1788 1653 1232 1436 1034 1503 1608 1875 1117 1543 1929 1032 1879 1426 1796 1036 1398 1383 1820 1537 1194 1749 1468 1356 1689 BCNSPRNW ULIB Ver.6.0+V

เปลี่ยนเป็นภาษาไทย

Change to English
 แสดงรายละเอียดบรรณานุกรม
  กลับหน้าหลัก

Brief Record : Get Marc (ISO 2709) : E-mail record : QR code < ปิดหน้าต่าง
LEADER : 00000nam 2200000uu 4500
001    13399120879
003     ULIB
008    121022s||||||||th 000 0 tha d
020    9746457103
099    วจ.HF5549^bม497ข
100 0  มาลินี อยู่ใจเย็น, นงณภัทร รุ่งเนย และวันดี ช่วยบุญ
245 00 ขวัยและกำลังใจในการปกิบัติงานของอาจารย์พยาบาลในวิทยาลัยพยาบาลเครือข่ายภาคตะวันตก สังกัดสถาบันพระบรมราชชนก^c
260    The Instructor s moral of working at the western college or nursing Praboromrajanok institute
300    68 แผ่น
650  7 ขวัญและกำลังใจ^xวิจัย
650  4 วิทยาลัยพยาบาลเครือข่ายภาคตะวันตก
945    ^p0^l0^i032857
995    เกษร
999    ^aใช้งานได้ทุกระบบ
รายการนี้ยังไม่มีแท็ก
คุณยังไม่ได้ล็อกอิน คุณสามารถมีกิจกรรมร่วมกับเว็บไซต์ได้ แต่ต้องล็อกอินก่อน ::
  ล็อกอิน

รายการสื่อสารสนเทศ

ลำดับที่ ประเภท เลขเรียก/บาร์โค้ด สถานที่ สถานะ
1. งานวิจัย
งานวิจัย
วจ.HF5549 ม497ข  
  Barcode: 032857
ห้องสมุดวิทยาเขตสวรรค์ประชารักษ์
►วิจัย
บนชั้น

BibComment


ยังไม่เคยถูกคอมเมนท์

คอมเมนท์ทรัพยากรรายการนี้
  คอมเมนท์: ขวัยและกำลังใจในก..


 Copyright 2026. Bcnsprnw @Library